000 00359nam a2200145 i 4500
001 bg
100 1 _aSavickij, Evgenij M.
245 0 _aMetale ery kosmicznej /
_cJ.M. Sawickij, W.S. Klaczko.
260 _aKatowice,
_c1984.
700 1 _aKlačko, Vladimir S.
040 _cBPK
041 _apol
942 _cKS
008 s pl f |000 0 pol
999 _c23592
_d23592
856 _uhttp://koha.tu.koszalin.pl/cgi-bin/koha/opac-detail.pl?biblionumber=23592
_yKatalog online BPK